One Piece - Lettre N - Statistiques

Statistiques générales
  • Ce quiz a été pris 103 fois
  • Le résultat moyen est 15 sur 26
Statistiques - réponses
Indice Réponse % Correct
Navigatrice aimant l'argent et les mandarines Nami
100%
Seconde partie de Grand Line Nouveau Monde
91%
Famille d'archéologue savant lire les ponéglyphes originaire d'Ohara Nico
90%
Post dans un équipage de pirate étant chargé de guider son navire à travers les mers Navigateur
88%
Mer qui a vu naître Sanji, Law, ou même les membres de la Don Quichotte Family North Blue
87%
Homme - Poisson régnant sur le Royaume Ryugu Neptune
85%
Couleur que prend les choses enduites de fluides offensif Noir
85%
Nom des vaisseaux sur lesquelles naviguent les pirates, ainsi que les membres de la marine Navire
84%
Nom de la famille royale d'Alabasta Nefertari
84%
Dieu qui faisais sourire les gens et leurs redonnais leurs libertés Nika
84%
Type de combattant représenté à Wano par Raizo ou Shinobu par exemple Ninja
84%
Nom du Chapeau de Big Mom, qui a reçu un morceau de son âme Napoléon
80%
Sœur de Nami Nojiko
67%
Agent du Cp9 ayant été exécuté par Lucci pour incompétence Nero
57%
Forme que Luffy prend à Thriller Bark après avoir avalé 100 Ombres Nightmare Luffy
57%
Probable nom de famille d'Imu, l'actuelle roi du monde Nerona
45%
Tribu vivant à Green Bit et étant très fidèle au roi Riku, ainsi que très crédule Nain
44%
aussi connu sous le nom de « Navire Promis », il est légendaire pour les hommes poissons Noah
43%
Groupes de 10 pirates géant au service de Kaido dans son équipage Numbers
42%
Thème récurrent mentionné par Doflamingo, ou Kaido a propos d'un grand changement Nouvelle ère
33%
anaconda gigantesque qui vivait avec les Shandia, étant considérer comme un dieu Nola
18%
Nom du sabre que Luffy a voler à Wano Pour sauver Tama, l'une des 21 grandes lames Nidai Kitetsu
17%
Ville d'Alabasta où les chapeau de pailles débarquent Nanohana
7%
Nom du navire de Capone "Gang" Bege Nostra Castello
6%
Egalement connu sous le nom de la Base G-8 est une base de la Marine Navarone
3%
Drogue stimulante très addictive, utilisée notamment par César Clown sur les enfants. NHC10
1%
Aucun quiz correspondant
Distribution des résultats
% des personnes avec chaque résultat
Percentile par nombre de réponses
Votre historique - résultats
Vous n’avez pas pris ce quiz